000 00328nam a2200121Ia 4500
008 220217s9999||||xx |||||||||||||| ||und||
082 _a658.403 8 RAN
100 _aRanganath, M.V
245 0 _aInstitution management
260 _aIndian society for technical edu.
_bNew Delhi
_c1996
300 _b0
650 _aMANAGEMENT
999 _c173018
_d173018